000 00812cam a22002771 4500
001 24782
003 BD-RjUL
005 20211209001110.0
008 140315s1952 enk 000 0 eng d
035 _a(BD-RjUL)24851
035 _a(OCoLC)1098757
040 _aDLC
_cOCU
_dUk
_dDLC
_dBD-RjUL
_beng
041 _aeng
082 0 0 _a904
_bNAA 1952
100 1 _aNamier, L. B.
_q(Lewis Bernstein),
_d1888-1960.
_975564
245 1 0 _aAvenues of history /
_c L. B. Namier
260 _aLondon :
_bH. Hamilton,
_c1952
300 _a202 p. ;
_c22 cm.
500 _aEssays.
504 _aBibliographical foot-notes.
650 0 _aHistory, Modern.
_976290
856 4 1 _3Table of contents only
_uhttp://www.loc.gov/catdir/toc/fy0714/52012879.html
942 _2ddc
_cBK
999 _c24782
_d24782